| 000 | 01102nam a2200313 a 4500 | ||
|---|---|---|---|
| 001 | 000115266 | ||
| 003 | CHAP | ||
| 005 | 20220329144526.0 | ||
| 008 | 190122s2018 mx a |sm |||||||spa d | ||
| 010 | _a111727 | ||
| 011 | _a112699 | ||
| 040 | _cCHAP | ||
| 090 | _aTesis | ||
| 100 | 1 |
_aLópez González, Irma. _9135488 |
|
| 245 | 1 | 0 |
_aSelección de familias de medios hermanos maternos de girasol (helianthus annuus L.) _h[En línea] _cpor Irma López González. |
| 260 |
_aChapingo, Méx. : _bEl autor, _c2018. |
||
| 500 | _aPara ver el contenido del material haga clic en la liga | ||
| 502 | _aTesis (Ing. Agr. Esp. en Fitotecnia) -- UACH. Departamento de Fitotecnia | ||
| 590 |
_aBATCH-UPD _b05 _c20190122 _lUCH01 _h1148 |
||
| 590 |
_aE6339RRR _b05 _c20190122 _lUCH01 _h1142 |
||
| 590 |
_aE6339RRR _b05 _c20190122 _lUCH01 _h1147 |
||
| 650 | 1 | 4 |
_aGirasol _xSelección masal. _948174 |
| 650 | 1 | 4 |
_aGirasol _xSemilla. _948175 |
| 650 | 1 | 4 |
_aGirasol _xVariedades. _948186 |
| 856 |
_aFinding aid _uhttp://10.13.5.2/tesis/sist115266.pdf _zTeclea aquí |
||
| 901 | _aBK | ||
| 942 | _cTESIS | ||
| 942 | _n0 | ||
| 999 |
_c111727 _d111727 |
||